<?xml version="1.0" encoding="UTF-8"?><?xml-stylesheet type="text/xsl" href="static/style.xsl"?><OAI-PMH xmlns="http://www.openarchives.org/OAI/2.0/" xmlns:xsi="http://www.w3.org/2001/XMLSchema-instance" xsi:schemaLocation="http://www.openarchives.org/OAI/2.0/ http://www.openarchives.org/OAI/2.0/OAI-PMH.xsd"><responseDate>2026-04-18T06:16:58Z</responseDate><request verb="GetRecord" identifier="oai:www.recercat.cat:2072/469378" metadataPrefix="marc">https://recercat.cat/oai/request</request><GetRecord><record><header><identifier>oai:recercat.cat:2072/469378</identifier><datestamp>2025-07-29T21:53:33Z</datestamp><setSpec>com_2072_98</setSpec><setSpec>col_2072_378192</setSpec></header><metadata><record xmlns="http://www.loc.gov/MARC21/slim" xmlns:dcterms="http://purl.org/dc/terms/" xmlns:xsi="http://www.w3.org/2001/XMLSchema-instance" xmlns:doc="http://www.lyncode.com/xoai" xsi:schemaLocation="http://www.loc.gov/MARC21/slim http://www.loc.gov/standards/marcxml/schema/MARC21slim.xsd">
   <leader>00925njm 22002777a 4500</leader>
   <datafield ind2=" " ind1=" " tag="042">
      <subfield code="a">dc</subfield>
   </datafield>
   <datafield ind2=" " ind1=" " tag="720">
      <subfield code="a">Vélez Sainz, Julio</subfield>
      <subfield code="e">author</subfield>
   </datafield>
   <datafield ind2=" " ind1=" " tag="260">
      <subfield code="c">2023</subfield>
   </datafield>
   <datafield ind2=" " ind1=" " tag="520">
      <subfield code="a">The present piece is part of the research strategy of the Instituto del Teatro de Madrid (UCM), the Seminary for Theatrical Research (UCM, 930128), and the research projects CARTEMAD: Digital Cartography, Conservation and Dissemination of Contemporary Madrid's Theatrical Heritage (H2019/HUM-5722) and Cataloguing, Critical Editing and Stage Reconstruction of the Spanish Theatrical Heritage of the Mid-16th Century (TEAXVI) (PID2021-124900NB-I00)</subfield>
   </datafield>
   <datafield ind2=" " ind1=" " tag="520">
      <subfield code="a">This paper analyzes two performances of the myth of Galician Inés de Castro, a queen murdered and crowned post-portem by her husband, Pedro de Portugal. After a review of the literary coordinates of this revisitation, a comparison and contrast is made between two approaches made by Ana Zamora and Ignacio García (2019). The former (Nao d amores's Nise) works through Jerónimo Bermúdez's Nise lastimosa and Nise laureada, the latter stages Reinar después de morir/Reinar depois de morrer by Luis Vélez de Guevara. The figure of the queen serves to stage obsessions of medieval and contemporary societies. The problematic representation of an act of violence to a woman onstage is presented by two contrasting approaches: Baroque, bloody and sublime and Romanesque, neutral and yet transcendent.</subfield>
   </datafield>
   <datafield ind2=" " ind1=" " tag="520">
      <subfield code="a">El present treball analitza dues posades en escena del mite de la orensana Inés de Castro, reina assassinada i coronada post mortem pel seu marit Pere de Portugal. Després d'una revisió de les coordenades a partir de les quals se situa la revisitació a la figura de la reina morta, es fa una comparació i contrast entre dos acostaments realitzats per Ana Zamora i Ignacio García (2019): la Nise de Nao d'amores amb una dramatúrgia que parteix de Nise llastimosa i Nise laureada de Jerónimo Bermúdez i la producció hispanoportuguesa Reinar después de morir/Reinar depois de morrer de Luis Vélez de Guevara. En ambdues es veuen algunes de les obsessions de les societats medieval i contemporània a través de la figura de la reina. En concret, s'observa clarament la problemàtica de representació d'un acte de violència al cos d'una dona famosa en l'escena i dos acostaments contraposats: un barroc, sagnant i sublim, i un altre romànic, neutre i, no obstant això, transcendent.</subfield>
   </datafield>
   <datafield ind2=" " ind1=" " tag="520">
      <subfield code="a">El presente trabajo analiza dos puestas en escena del mito de la orensana Inés de Castro, reina asesinada y coronada post mortem por su marido Pedro de Portugal. Tras una revisión de las coordenadas a partir de las cuales se sitúa la revisitación a la figura de la reina muerta, se hace una comparación y contraste entre dos acercamientos realizados por Ana Zamora e Ignacio García (2019): la Nise de Nao d'amores con una dramaturgia que parte de Nise lastimosa y Nise laureada de Jerónimo Bermúdez y la producción hispanoportuguesa Reinar después de morir/Reinar depois de morrer de Luis Vélez de Guevara. En ambas se ven algunas de las obsesiones de las sociedades medieval y contemporánea a través de la figura de la reina. En concreto, se observa claramente la problemática de representación de un acto de violencia al cuerpo de una mujer famosa en la escena y dos acercamientos contrapuestos: uno barroco, sanguinolento y sublime, y otro románico, neutro y, sin embargo, trascendente.</subfield>
   </datafield>
   <datafield tag="653" ind2=" " ind1=" ">
      <subfield code="a">Posada en escena</subfield>
   </datafield>
   <datafield tag="653" ind2=" " ind1=" ">
      <subfield code="a">Medievalisme</subfield>
   </datafield>
   <datafield tag="653" ind2=" " ind1=" ">
      <subfield code="a">Inés de Castro</subfield>
   </datafield>
   <datafield tag="653" ind2=" " ind1=" ">
      <subfield code="a">Llegenda</subfield>
   </datafield>
   <datafield tag="653" ind2=" " ind1=" ">
      <subfield code="a">Jerónimo Bermúdez</subfield>
   </datafield>
   <datafield tag="653" ind2=" " ind1=" ">
      <subfield code="a">Luis Vélez de Guevara</subfield>
   </datafield>
   <datafield tag="653" ind2=" " ind1=" ">
      <subfield code="a">Performance</subfield>
   </datafield>
   <datafield tag="653" ind2=" " ind1=" ">
      <subfield code="a">Medievalism</subfield>
   </datafield>
   <datafield tag="653" ind2=" " ind1=" ">
      <subfield code="a">Legend</subfield>
   </datafield>
   <datafield tag="653" ind2=" " ind1=" ">
      <subfield code="a">Puesta en escena</subfield>
   </datafield>
   <datafield tag="653" ind2=" " ind1=" ">
      <subfield code="a">Medievalismo</subfield>
   </datafield>
   <datafield tag="653" ind2=" " ind1=" ">
      <subfield code="a">Leyenda</subfield>
   </datafield>
   <datafield ind2="0" ind1="0" tag="245">
      <subfield code="a">Murder, love and betrayal : revisiting Inés de Castro in 21st century theatre (Ignacio García and Ana Zamora)</subfield>
   </datafield>
</record></metadata></record></GetRecord></OAI-PMH>